Women in primary teaching : career contexts and strategies

Bibliographic Details
Main Author: Evetts, Julia (Author)
Format: Book
Published: London : Unwin Hyman , 1990
Series:Key issues in education
Subjects:

MARC

LEADER 00000cam a2200000 7i4500
001 0000023607
005 20021119093000.0
008 021119n
020 |a 0044453493 
090 0 0 |a LB2837   |b .E9 1990 
100 0 |a Evetts, Julia ,   |e author 
245 0 0 |a Women in primary teaching :   |b career contexts and strategies   |c Julia Evetts 
260 2 |a London :   |b Unwin Hyman ,   |c 1990 
300 |a 199 p. ; ;   |c 22 cm. 
440 0 0 |a Key issues in education 
501 |a Includes index 
504 |a Bibliography: p. 185-195 
650 0 |a Education, Primary   |z Great Britain 
650 0 |a Women teachers   |z Great Britain 
999 |a 1000029584   |b Book   |c OPEN SHELF (30 DAYS)   |e Gong Badak Campus